5HLuxD.jpg

KING HENRY VIII SENIOR AND PRIMARY SCHOOL LIBRARY OPAC

OCD love story / (Record no. 58)

000 -LEADER
fixed length control field 01473cam a2200421Ii 4500
001 - CONTROL NUMBER
control field 860755419
003 - CONTROL NUMBER IDENTIFIER
control field OCoLC
005 - DATE AND TIME OF LATEST TRANSACTION
control field 20190724145106.0
008 - FIXED-LENGTH DATA ELEMENTS--GENERAL INFORMATION
fixed length control field 131014r20142013nyu d 000 f eng d
020 ## - INTERNATIONAL STANDARD BOOK NUMBER
International Standard Book Number 1442457333 (paperback)
020 ## - INTERNATIONAL STANDARD BOOK NUMBER
International Standard Book Number 9781442457331 (paperback)
035 ## - SYSTEM CONTROL NUMBER
System control number (OCoLC)860755419
040 ## - CATALOGING SOURCE
Original cataloging agency YDXCP
Language of cataloging eng
Description conventions rda
Transcribing agency YDXCP
Modifying agency KH8
049 ## - LOCAL HOLDINGS (OCLC)
Holding library NYPP
050 #4 - LIBRARY OF CONGRESS CALL NUMBER
Classification number PS3608.A9164
Item number O34 2014
082 04 - DEWEY DECIMAL CLASSIFICATION NUMBER
Classification number FIC HAY
Edition number 23
091 ## - MICROFILM SHELF LOCATION (AM) [OBSOLETE]
Microfilm shelf location FIC
100 1# - MAIN ENTRY--PERSONAL NAME
Personal name Haydu, Corey Ann,
Relator term author.
245 10 - TITLE STATEMENT
Title OCD love story /
Statement of responsibility, etc. Corey Ann Haydu.
250 ## - EDITION STATEMENT
Edition statement First Simon Pulse paperback edition.
264 #1 - PRODUCTION, PUBLICATION, DISTRIBUTION, MANUFACTURE, AND COPYRIGHT NOTICE
Place of production, publication, distribution, manufacture New York :
Name of producer, publisher, distributor, manufacturer Simon Pulse,
Date of production, publication, distribution, manufacture, or copyright notice 2014.
300 ## - PHYSICAL DESCRIPTION
Extent 341 pages ;
Dimensions 21 cm.
336 ## - CONTENT TYPE
Content type term text
Content type code txt
Source rdacontent.
337 ## - MEDIA TYPE
Media type term unmediated
Media type code n
Source rdamedia.
338 ## - CARRIER TYPE
Carrier type term volume
Carrier type code nc
Source rdacarrier.
520 ## - SUMMARY, ETC.
Summary, etc. "In an instant, Bea felt almost normal with Beck, and as if she could fall in love again, but things change when the psychotherapist who has been helping her deal with past romantic relationships puts her in a group with Beck--a group for teens with obsessive-compulsive disorder"--
Assigning source Provided by publisher.
521 1# - TARGET AUDIENCE NOTE
Target audience note Ages 14 up.
650 #0 - SUBJECT ADDED ENTRY--TOPICAL TERM
Topical term or geographic name entry element Obsessive-compulsive disorder
Form subdivision Fiction.
650 #0 - SUBJECT ADDED ENTRY--TOPICAL TERM
Topical term or geographic name entry element Psychotherapy
Form subdivision Fiction.
650 #0 - SUBJECT ADDED ENTRY--TOPICAL TERM
Topical term or geographic name entry element Interpersonal relations
Form subdivision Fiction.
650 #0 - SUBJECT ADDED ENTRY--TOPICAL TERM
Topical term or geographic name entry element Young adult literature.
901 ## - LOCAL DATA ELEMENT A, LDA (RLIN)
a ika
b CATBL
901 ## - LOCAL DATA ELEMENT A, LDA (RLIN)
a MARS
908 #4 - PUT COMMAND PARAMETER (RLIN)
Put command parameter PS3608.A9164
942 ## - ADDED ENTRY ELEMENTS (KOHA)
Source of classification or shelving scheme
Koha item type Books - Fiction
945 ## - LOCAL PROCESSING INFORMATION (OCLC)
a .b202603854
946 ## - LOCAL PROCESSING INFORMATION (OCLC)
a m
Holdings
Withdrawn status Lost status Source of classification or shelving scheme Damaged status Not for loan Collection code Permanent Location Current Location Shelving location Date acquired Total Checkouts Full call number Barcode Date last seen Date last checked out Price effective from Koha item type
          Fiction KH8 Senior School Library KH8 Senior School Library Fiction 2019-07-24 6 FIC HAY 3KHSL000101147 2025-01-22 2024-12-04 2019-07-24 Books - Fiction

Powered By KH8 IT Dept